Music Quiz

Random Music or Song Quiz

Hit Song/Hit Artist Quiz Stats

Quiz Updated Jul 17, 2014

Also try: First Hit Song
Challenge
Share
Tweet
Embed
Score 0/50 Timer 10:00
0 Plays Today
Hit song for: Answers (in alphabetical order) % Correct
AugustanaBoston
55.2%
WeezerBuddy Holly
52.5%
Destiny's ChildSurvivor
50.9%
Paul McCartney & WingsJet
50.1%
LinearTLC
43.8%
Bel Biv DevoePoison
43.5%
PrinceCream
40.3%
Nino Tempo & April StevensDeep Purple
40.2%
Jackson 5ABC
32.6%
AerosmithPink
30%
Edwin StarrWar
27.8%
Gary NumanCars
25.8%
Taylor SwiftTim McGraw
25.7%
Neil DiamondAmerica
22.7%
ChicagoFree
21.6%
PrinceKiss
19.6%
Olivia Newton-JohnMagic
18.6%
The BeatlesHellogoodbye
17.9%
Big Audio DynamiteRush
16.5%
Four SeasonsDawn
14%
Keyshia ColeLove
13.8%
Looking GlassBrandy
12.4%
Faith HillBreathe
11.8%
Eddie FisherHeart
11.6%
Graham NashChicago
10%
Hit song for: Answers (in alphabetical order) % Correct
The CureBoys Don't Cry
9.6%
Peter GabrielSteam
8.2%
Herb Alpert & The Tijuana BrassA Taste of Honey
8.1%
Billy OceanLoverboy
7.9%
FirefallCinderella
7.6%
Chad BrockYes
6.6%
Mariah CareyEmotions
5.8%
MadonnaCherish
5.3%
Henry GrossShannon
5%
Music MachineTalk Talk
4.9%
Jefferson StarshipMiracles
4.7%
Duck SauceBarbra Streisand
4.2%
Christina AguileraCandyman
4%
Van MorrisonDomino
3.9%
Linda RonstadtHeatwave
3.6%
Simple MindsAlive & Kicking
3.3%
The OsmondsYo-Yo
3.3%
Herb AlpertDiamonds
2.5%
Herman's HermitsSilhouettes
1.8%
Rod StewartHot Legs
1.7%
The SupremesReflections
1.4%
Barbra StreisandPeople
1.1%
Ohio ExpressMercy
0.9%
The OriginalsThe Bells
0.8%
Bobbie GentryFancy
0.7%

You're not logged in!

Compare scores with friends on all Sporcle quizzes.
Join for Free
OR
Log In

You Might Also Like...

Show Comments

Extras

Top Quizzes Today


Score Distribution

Your Account Isn't Verified!

In order to create a playlist on Sporcle, you need to verify the email address you used during registration. Go to your Sporcle Settings to finish the process.

Report this User

Report this user for behavior that violates our Community Guidelines.

Details: